000 00670nam a2200241Ia 4500
003 OSt
005 20220928121402.0
006 a|||||r|||| 00| 0
007 ta
008 220927b |||||||| |||| 00| 0 eng d
024 _a28326
037 _cReference Collections
040 _aSDCL
_cSDCL
_beng
041 _2eng
_aeng
082 _aP-k, 15L1 RR
100 _aWilliams Monier
_9421410
245 0 _aDictionary English and Sanskrit.
250 _a3rd Indian
260 _aDelhi
_bMotilal Banarsidass
_c1971
300 _axii,859p
_ccm.
942 _hP-k, 15L1 RR
_cREF
_2CC
999 _c765823
_d765823